1015 1750 1500 1403 1194 1123 1229 1590 1454 1787 1394 1992 1680 1909 1285 1261 1054 1140 1321 1800 1296 1323 1455 1868 1810 1279 1039 1109 1159 1451 1365 1745 1723 1974 1428 1559 1696 1250 1796 1060 1773 1810 1610 1530 1938 1214 1694 1723 1844 1460 1468 1997 1903 1315 1365 1304 1716 1950 1033 1095 1461 1273 1268 1571 1692 1384 1051 1324 1628 1652 1015 1131 1069 1056 1561 1073 1462 1176 1343 1842 1779 1194 1607 1784 1157 1228 1392 1903 1441 1565 1111 1023 1986 1304 1947 1362 1372 1555 1074 BCNSPRNW ULIB Ver.6.0+V

เปลี่ยนเป็นภาษาไทย

Change to English
 แสดงรายละเอียดบรรณานุกรม
  กลับหน้าหลัก

Brief Record : Get Marc (ISO 2709) : E-mail record : QR code < ปิดหน้าต่าง
LEADER : 00000nam 2200000uu 4500
001    13399124805
003     ULIB
008    020711s2014 th a 000 0 eng d
020    9781285053134
060    QY25^bD186g
100    Daniels, Rick
245    Guide to laboratory and diagnistic test
250    3rdth ed
260    Australia :^bCengage Learning,^c2014
300    1012 pages;^b21 cm
650    Laboratory^xDiagnostic
710    Organized Alphabetically
945    ^p0^l0^i000355
999    ^aเกษร โพธิ์สุวรรณ
รายการนี้ยังไม่มีแท็ก
คุณยังไม่ได้ล็อกอิน คุณสามารถมีกิจกรรมร่วมกับเว็บไซต์ได้ แต่ต้องล็อกอินก่อน ::
  ล็อกอิน

รายการสื่อสารสนเทศ

ลำดับที่ ประเภท เลขเรียก/บาร์โค้ด สถานที่ สถานะ
1. วิทยาศาสตร์การแพทย์ และสุขภาพ
วิทยาศาสตร์การแพทย์ และสุขภาพ
QY25 D186g ฉ.1 
  Barcode: 000355
ห้องสมุดวิทยาเขตสวรรค์ประชารักษ์
►หนังสือทั่วไป
บนชั้น

BibComment


ยังไม่เคยถูกคอมเมนท์

คอมเมนท์ทรัพยากรรายการนี้
  คอมเมนท์: Guide to laborato..


 Copyright 2026. Bcnsprnw @Library